000 00868nam a2200313 c 4500
003 BLK
005 20180420223055.0
008 180408b bul|||||r ||||||| ||bul||
010 _aKNG00066100000
040 _aBLK
041 _aDEU
_cDEU
080 _aОбща ботаника
_b581
_x
_z581
139 _aUrania Pflanzenreich
_bU 73
245 1 0 _aUrania Pflanzenreich
_bIn 3 Bd.
_nBd. 2
_pHohere Pflanzen 2
257 _aDEU
260 Leipzig; et al.
_bUrania
_c1971 -
300 _c27 см
380 _a5
650 4 _aБотаника
_9149099
650 4 _aРастения
_9168966
653 _aботаника
653 _aрастения
760 1 _d1973
_h518 с., 27 см
_tBd. 2 Hohere Pflanzen 2
852 _aЦб ІІ 4513
856 4 _qpdf
_u
856 4 _qpdf
_u
942 _cKNG
_n0
944 _aCR
_c13.06.2004
_kКети_Илиева
944 _aED
_c05.01.2005
_k
999 _c61892
_d61892